Music Quiz

Random Music or Billboard Quiz

Top 200 Songs of the 80s Quiz Stats

Quiz Updated Nov 23, 2015

Challenge
Share
Tweet
Embed
Score 0/200 Timer 20:00
9 Plays Today
Rank Year Artist % Correct
11 - '83Paul McCartney & Michael Jackson
96%
96 - '83Michael Jackson / Paul McCartney
96%
2 - '80Queen
95.5%
30 - '80Queen
95.5%
33 - '83Michael Jackson
95.4%
36 - '83Michael Jackson
95.4%
42 - '80Michael Jackson
95.4%
83 - '84Madonna
92.6%
100 - '85Madonna
92.6%
87 - '85Wham! Featuring George Michael
92.2%
59 - '86Dionne & Friends featuring Elton John, Gladys Knight and Stevie Wonder
91.9%
10 - '83The Police
90.8%
37 - '80Billy Joel
88.7%
71 - '83Billy Joel
88.7%
138 - '89Billy Joel
88.7%
29 - '82Paul McCartney with Stevie Wonder
88.6%
114 - '87George Michael
87.6%
189 - '88George Michael
87.6%
6 - '81Diana Ross and Lionel Richie
87.3%
132 - '89Janet Jackson
87.1%
119 - '84Cyndi Lauper
86.4%
135 - '84Cyndi Lauper
86.4%
15 - '83Lionel Richie
86%
48 - '84Lionel Richie
86%
61 - '85Lionel Richie
86%
148 - '82Lionel Richie
86%
1 - '81Olivia Newton-John
85.5%
72 - '80Olivia Newton-John
85.5%
196 - '82Olivia Newton-John
85.5%
31 - '84Prince
85.3%
118 - '84Prince & The Revolution
85.3%
129 - '87Whitney Houston
85.1%
168 - '88Whitney Houston
85.1%
170 - '86Whitney Houston
85.1%
172 - '86Whitney Houston
85.1%
13 - '80Blondie
84.8%
56 - '81Blondie
84.8%
124 - '81Blondie
84.8%
107 - '83Duran Duran
84.8%
123 - '84Duran Duran
84.8%
139 - '84Duran Duran
84.8%
161 - '87Bon Jovi
83.9%
3 - '82Survivor
83.8%
32 - '83Kenny Rogers Duet with Dolly Parton
83.4%
43 - '82Toto
83.3%
193 - '83Toto
83.3%
108 - '84Wham!
83.3%
26 - '80Pink Floyd
83%
69 - '84Stevie Wonder
82.6%
164 - '80Stevie Wonder
82.6%
186 - '85Stevie Wonder
82.6%
177 - '88Guns N' Roses
82%
74 - '80Elton John
81.6%
99 - '85Phil Collins & Marilyn Martin
81.5%
151 - '85Philip Bailey & Phil Collins
81.2%
80 - '84Culture Club
81.2%
89 - '83Culture Club
81.2%
178 - '83Culture Club
81.2%
49 - '84Van Halen
81.2%
45 - '84Phil Collins
81.1%
95 - '89Phil Collins
81.1%
21 - '82Joan Jett & The Blackhearts
80.3%
60 - '81Dolly Parton
80%
109 - '86Bangles
79.3%
23 - '82Daryl Hall & John Oates
77.8%
25 - '82Daryl Hall & John Oates
77.8%
79 - '84Daryl Hall & John Oates
77.8%
Rank Year Artist % Correct
90 - '81Daryl Hall & John Oates
77.8%
93 - '83Daryl Hall & John Oates
77.8%
111 - '81Daryl Hall & John Oates
77.8%
41 - '84Tina Turner
77.6%
52 - '83Eurythmics
77.3%
173 - '85A-Ha
76.2%
86 - '84Bruce Springsteen
76.2%
34 - '83Men At Work
75.9%
64 - '82Men At Work
75.9%
67 - '81The Rolling Stones
74.9%
8 - '82John Cougar
74.3%
35 - '82John Cougar
74.3%
38 - '80Paul McCartney and Wings
73.9%
88 - '83Marvin Gaye
73.5%
19 - '81Rick Springfield
73.3%
44 - '82Rick Springfield
73.3%
156 - '87Starship
73%
176 - '85Starship
73%
7 - '81Foreigner
72.8%
104 - '85Foreigner
72.8%
53 - '84Kenny Loggins
72.5%
27 - '83Bonnie Tyler
72.4%
68 - '83David Bowie
72.3%
140 - '85Dire Straits
70.1%
143 - '85Tears For Fears
70%
185 - '85Tears For Fears
70%
169 - '88Rick Astley
67%
166 - '83Dexys Midnight Runners
66.8%
82 - '81Juice Newton
66.6%
76 - '82Journey
66.4%
192 - '81Journey
66.4%
142 - '88Poison
66.4%
77 - '81REO Speedwagon
65.2%
126 - '85REO Speedwagon
65.2%
145 - '85Huey Lewis & The News
65.2%
162 - '89Paula Abdul
64.9%
167 - '89Paula Abdul
64.9%
4 - '81Kim Carnes
64.2%
18 - '80Diana Ross
64%
17 - '80Kenny Rogers
63.4%
187 - '81Kenny Rogers
63.4%
180 - '86Pet Shop Boys
62.9%
14 - '82The J. Geils Band
62.9%
5 - '83Irene Cara
62.9%
157 - '87Whitesnake
62.7%
98 - '82Go-Go's
62.4%
66 - '81Kool & The Gang
61.9%
191 - '85Kool & The Gang
61.9%
16 - '80John Lennon
61.1%
39 - '81John Lennon
61.1%
9 - '82The Steve Miller Band
60.3%
144 - '89Bobby Brown
59.9%
127 - '84Billy Ocean
59.7%
199 - '87Belinda Carlisle
59.4%
131 - '80Bette Midler
59.4%
20 - '82Chicago
58.7%
121 - '88Chicago
58.7%
62 - '82Toni Basil
57.8%
65 - '84Ray Parker Jr.
57.8%
165 - '83Men Without Hats
57.8%
150 - '85Simple Minds
56.5%
200 - '85Simple Minds
56.5%
50 - '84Yes
56.3%
128 - '87Heart
56.3%
147 - '88INXS
56%
58 - '80Air Supply
55.7%
110 - '83Air Supply
55.7%
Rank Year Artist % Correct
153 - '81Air Supply
55.7%
160 - '81Air Supply
55.7%
195 - '80Air Supply
55.7%
152 - '88George Harrison
55.7%
24 - '82The Human League
54.9%
113 - '85Mr. Mister
52.6%
190 - '86Mr. Mister
52.6%
134 - '83Donna Summer
52%
182 - '87Los Lobos
50%
130 - '85Eddie Murphy
49.9%
122 - '82Joe Cocker and Jennifer Warnes
49.8%
47 - '81Christopher Cross
49.5%
97 - '80Christopher Cross
49.5%
91 - '81Stevie Nicks (with Tom Petty and the Heartbreakers)
49.2%
92 - '83Eddy Grant
48.5%
179 - '81Sheena Easton
46.5%
141 - '85USA for Africa
46.4%
103 - '83Don Henley
46.3%
174 - '82The Cars
45.9%
175 - '89Milli Vanilli
45.4%
84 - '80Lipps, Inc.
45.1%
197 - '84Thompson Twins
44.7%
101 - '81Styx
44.6%
81 - '81Pointer Sisters
43.6%
63 - '81Neil Diamond
40.6%
54 - '81Eddie Rabbitt
40%
28 - '82Laura Branigan
39.3%
94 - '84Deniece Williams
39.2%
85 - '82Vangelis
38.9%
112 - '84Chaka Khan
38.7%
22 - '80Barbra Streisand
38%
154 - '85Paul Young
36.3%
78 - '84John Waite
36.3%
73 - '83Bob Seger & The Silver Bullet Band
35.9%
159 - '87Bob Seger
35.8%
137 - '84Rockwell
35.1%
188 - '88Steve Winwood
34.7%
102 - '82The Alan Parsons Project
34.6%
158 - '86Bruce Hornsby And The Range
34.3%
120 - '89Linda Ronstadt Featuring Aaron Neville
32.9%
106 - '82Fleetwood Mac
32.8%
70 - '83Michael Sembello
32.7%
183 - '85John Parr
31.8%
40 - '82Quarterflash
31.8%
146 - '84The Romantics
31.5%
51 - '81Smokey Robinson
30.9%
125 - '80Smokey Robinson
30.9%
105 - '81Earth, Wind & Fire
30.7%
12 - '80Captain and Tennille
30%
163 - '87Robbie Nevil
29.7%
116 - '86Patti LaBelle & Michael McDonald
29.5%
115 - '81Stars On 45
29.4%
171 - '83Greg Kihn Band
29%
184 - '88Tiffany
28.9%
46 - '80K.C and the Sunshine Band
27.7%
55 - '81Grover Washington Jr. (with Bill Withers)
24.4%
75 - '83Patti Austin with James Ingram
20.9%
133 - '80Spinners
20.9%
117 - '80Leo Sayer
18.9%
136 - '87Gregory Abbott
16.4%
57 - '81Joey Scarbury
16.3%
181 - '80Ambrosia
15%
198 - '85Klymaxx
14.8%
194 - '86Gloria Loring & Carl Anderson
14.1%
155 - '81A Taste Of Honey
13.1%
149 - '83Sergio Mendes (with Joe Pizzulo and Leza Miller)
11.5%

You're not logged in!

Compare scores with friends on all Sporcle quizzes.
Sign Up with Email
OR
Log In

You Might Also Like...

Show Comments

Extras

Top Quizzes Today


Score Distribution

Your Account Isn't Verified!

In order to create a playlist on Sporcle, you need to verify the email address you used during registration. Go to your Sporcle Settings to finish the process.